Metáforas de la actividad humana en la terminología económica

Vďaka svojej dynamike ekonomický jazyk neustále zavádza nové pojmy a metaforické koncepty. Skúmanie niektorých aspektov používania metafory v ekonomickej terminológii.

Gespeichert in:
Bibliographische Detailangaben
1. Verfasser: Pavliková, Želmíra, 1979-
Format: Buchkapitel
Sprache:Spanisch
Schlagworte:
Tags: Tag hinzufügen
Keine Tags, Fügen Sie das erste Tag hinzu!

MARC

LEADER 00000naa a2200000 4500
001 0313824
005 20260109101914.6
041 0 |a spa 
044 |a SK 
245 1 0 |a Metáforas de la actividad humana en la terminología económica  |c Želmíra Pavliková 
520 |a Vďaka svojej dynamike ekonomický jazyk neustále zavádza nové pojmy a metaforické koncepty. Skúmanie niektorých aspektov používania metafory v ekonomickej terminológii. 
610 2 0 |a jazykoveda 
610 2 0 |a jazyky cudzie 
610 2 0 |a filológia 
610 2 0 |a ekonomika 
610 2 0 |a vojny 
610 2 0 |a terminológia 
610 2 0 |a španielčina 
100 1 |a Pavliková, Želmíra, 1979-